The federalist papers /
Guardado en:
| Otros Autores: | , , , |
|---|---|
| Formato: | Libro |
| Lenguaje: | English |
| Publicado: |
[New York]
New American Library
[1961]
|
| Colección: | A Mentor book
ME2541 |
| Materias: | |
| Etiquetas: |
Agregar Etiqueta
Sin Etiquetas, Sea el primero en etiquetar este registro!
|
MARC
| LEADER | 00000cam a2200000 4500 | ||
|---|---|---|---|
| 001 | 506046 | ||
| 005 | 20150423113139.0 | ||
| 008 | 860806s1961 nyu 001 0 eng | ||
| 020 | |a 0451625412 | ||
| 040 | |d NNC |d CRU CIICLA | ||
| 082 | |a 342.733 |b F293f | ||
| 090 | |a JK154 |b 1961c | ||
| 130 | 0 | |a Federalist | |
| 245 | 1 | 4 | |a The federalist papers / |c Alexander Hamilton, James Madison, John Jay, with an introduction, table of contents, and index of ideas by Clinton Rossiter. |
| 260 | |a [New York] |b New American Library |c [1961] | ||
| 300 | |a 560 páginas | ||
| 490 | 1 | |a A Mentor book |v ME2541 | |
| 500 | |a "Con base en la edición original de 1788. McLean. | ||
| 500 | |a Incluye índice. | ||
| 505 | |t Introducction -- Notes on the text -- Contents of The Fedralist Papers -- The Federalist Papers -- The Constitution of the United States of America, collated with The Federalist Papers -- Index of ideas. | ||
| 650 | 1 | 4 | |a DERECHO CONSTITUCIONAL |z ESTADOS UNIDOS |
| 650 | 1 | 4 | |a HISTORIA CONSTITUCIONAL |
| 700 | 1 | |a Hamilton, Alexander |d 1757-1804 | |
| 700 | 1 | |a Jay, John |d 1745-1829 | |
| 700 | 1 | |a Madison, James |c 1751-1836 | |
| 700 | 1 | |a Rossiter, Clinton |d 1917-1970 |e introducción | |
| 942 | |2 ddc |c BK | ||
| 999 | |c 4033 |d 4033 | ||



